| 000 | 01476nam a2200481 i 4500 | ||
|---|---|---|---|
| 001 | 30570 | ||
| 003 | KOSZ 005 | ||
| 005 | 20201015102617.0 | ||
| 008 | 970510s1994 pl f |000 0 pol | ||
| 015 | _aUWD 1995/328 | ||
| 020 | _a8301114363 | ||
| 035 | _a991000002869705066 | ||
| 035 | _a(PL-WaBN)b10002893-48omnis_nlop | ||
| 035 | _ab10002893 | ||
| 035 | _a(OCoLC)69494134 | ||
| 035 | _a(PL)b0000001000289 | ||
| 035 | _a(EXLNZ-48OMNIS_NETWORK)9910254746405606 | ||
| 040 |
_aWA N _cWA N _dKOSZ 005/EG |
||
| 041 | _apol | ||
| 046 | _k1994 | ||
| 080 | _a631.4 | ||
| 080 | _a574 | ||
| 080 | _a(03) | ||
| 100 | 1 |
_aPrusinkiewicz, Zbigniew _d(1923-2004) _eAutor |
|
| 245 | 1 | 0 |
_aLeksykon ekologiczno-gleboznawczy / _cZbigniew Prusinkiewicz. |
| 260 |
_aWarszawa : _bWydaw. Naukowe PWN, _c1994. |
||
| 300 |
_a288, [2] s. ; _c21 cm. |
||
| 336 |
_aTekst _btxt _2rdacontent |
||
| 337 |
_aBez urządzenia pośredniczącego _bn _2rdamedia |
||
| 338 |
_aWolumin _bnc _2rdacarrier |
||
| 380 | _aKsiążki | ||
| 388 | 1 | _a1901-2000 | |
| 388 | 1 | _a1989-2000 | |
| 650 | 7 |
_aEkologia _2DBN |
|
| 650 | 7 |
_aGleboznawstwo _2DBN |
|
| 655 | 7 |
_aEncyklopedia _2DBN |
|
| 658 | _aGeografia i nauki o Ziemi | ||
| 658 | _aOchrona środowiska | ||
| 710 | 2 |
_aWydawnictwo Naukowe PWN _4pbl |
|
| 856 |
_uhttp://koha.tu.koszalin.pl/cgi-bin/koha/opac-detail.pl?biblionumber=30570 _yKatalog online BPK |
||
| 942 |
_2UKD _cKS |
||
| 999 |
_c30570 _d30570 |
||